000 00493cam a2200181 4500
001 B1037
008 090401t xxu||||| |||| 00| 0 eng d
035 _a(Sirsi) u42305
041 _aeng
050 _a333.33609421
110 _aBernard Thorpe and Partners
_92958
245 _aIndustrial property markets in Greater London and the South East
260 _aLondon
_bBernard Thorpe and Partners
_c1978?
300 _a(24)p. : ill. ; 30cm.
350 _a0
942 _n0
948 _c04/03/1997
999 _c91067
_d91067